| 000 | 00806nam a2200241 a 4500 | ||
|---|---|---|---|
| 001 | 000026194 | ||
| 005 | 20200930024400.0 | ||
| 008 | 110304s1993 dr ab 001 0 ger d | ||
| 020 | _a1886254001 | ||
| 040 |
_aDO-SdBNP _bspa _cBNPHU |
||
| 041 | 1 | 7 | _ager |
| 082 |
_a917.293 _bM488k |
||
| 100 | 1 |
_aMeder, Heinz _953208 |
|
| 245 | 1 | 0 |
_aKaribische geschichten : _bdominikanische republik von und fur insider / _cHeinz Mender. |
| 260 |
_aPuerto Plata, República Dominicana : _bEdiciones Nuevo Mundo, _c1993. |
||
| 300 |
_a213 p. : _bil. ; mapas ; _c22 cm. |
||
| 504 | _aBibliografía p. 210-212. | ||
| 546 | _aAlemán | ||
| 651 | 4 |
_aRepública Dominicana _xDescripciones Y Viajes _91651 |
|
| 651 | 0 |
_aAntillas _xDescripciones Y Viajes _938698 |
|
| 910 | _aValidado. Control de calidad EMS | ||
| 049 | _aBNPD | ||
| 999 |
_c25686 _d25686 |
||